| 000 | 01076naa a22002777a 4500 | ||
|---|---|---|---|
| 001 | BR9502064 | ||
| 003 | BR-BrBNA | ||
| 005 | 20250721155527.0 | ||
| 007 | ta | ||
| 008 | 250630b bl.|||m| |||| 00| 0 por d | ||
| 040 |
_aBR-BrBNA _bpor _cBiblioteca Nacional de Agricultura |
||
| 041 | _a(Pt) | ||
| 072 | _aK01; F08 | ||
| 090 | _aK01 BR9502064 | ||
| 100 | 1 | _aBom, R.P. | |
| 100 | 1 | _aCoelho, V.C.M. | |
| 100 | 1 | _aFerreira, R. | |
| 245 | 1 | _aExperiencias da Empresa Giacomet-Marodin na aplicacao de sistemas agrossilviculturais | |
| 500 | _aAnais do 1. Seminario sobre sistemas agroflorestais na regiao sul do Brasil Colombo, PR (Brasil): 1994. p. 33-45 [10 tables] (BR9502064-AMS) | ||
| 773 | 0 |
_tAnais do 1. Seminario sobre sistemas agroflorestais na regiao sul do Brasil _wK01 BR9502064 _gColombo, PR (Brasil), 1994. p. 33-45 |
|
| 650 | _aPesquisa Florestal | ||
| 650 | _aSistema Agroflorestal | ||
| 490 |
_aDocumentos - Centro Nacional de Pesquisa de Florestas (Brazil) _vno. 26 _xISSN 0101-7691 |
||
| 942 |
_cAMS _2AGRIS |
||
| 909 |
_a202506 _bLúcia _c55 _dLúcia Elande |
||
| 999 |
_c337020 _d337020 |
||